000
00306nam a2200121Ia 4500
008
230907s9999||||xx |||||||||||||| ||und||
082
_a
623.8223
_b
LAI
100
_a
Laing, David,
_9
116054
245
0
_a
Bluewater cruisers :
300
_a
441 pages :
650
_a
Catalogs. Catalogs.
_9
115850
942
_c
BK
999
_c
600906
_d
600906